Механизация транспортных процессов в дорожном строительстве (Запись № 13658734)

Подробности
000 -МАРКЕР
контрольное поле 03704nam0a2200421 4500
001 - ИДЕНТИФИКАТОР ЗАПИСИ
контрольное поле RU\NLR\BIBL_A\022139797
005 - ИДЕНТИФИКАТОР ВЕРСИИ
контрольное поле 20260420001909.0
010 ## - МЕЖДУНАРОДНЫЙ СТАНДАРТНЫЙ НОМЕР КНИГИ (ISBN)
Номер (ISBN) 978-5-361-01169-8
Тираж 50
021 ## - НОМЕР ГОСУДАРСТВЕННОЙ РЕГИСТРАЦИИ
Код страны Российская Федерация
Номер КН-П-24-001804
Номер Листа государственной регистраци КН-П-24-0153
035 ## - ДРУГИЕ СИСТЕМНЫЕ НОМЕРА
Идентификатор записи (NLR Aleph) 022139797
035 ## - ДРУГИЕ СИСТЕМНЫЕ НОМЕРА
Идентификатор записи (RuMoRGB)012507019
100 ## - ДАННЫЕ ОБЩЕЙ ОБРАБОТКИ
Данные общей обработки 20240215d2023 u y0rusy50 ca
101 0# - ЯЗЫК РЕСУРСА
Язык текста, звукозаписи и т.д. русский
102 ## - СТРАНА ПУБЛИКАЦИИ ИЛИ ПРОИЗВОДСТВА
Страна публикации Российская Федерация
105 ## - ПОЛЕ КОДИРОВАННЫХ ДАННЫХ: ТЕКСТОВЫЕ МАТЕРИАЛЫ, МОНОГРАФИЧЕСКИЕ
Кодированные данные о монографическом текстовом документе a z 000yy
181 #0 - ПОЛЕ КОДИРОВАННЫХ ДАННЫХ: ВИД СОДЕРЖАНИЯ
Код вида содержания (ISBD) i
Код характеристики содержания (ISBD) axxe
182 #0 - ПОЛЕ КОДИРОВАННЫХ ДАННЫХ: ТИП СРЕДСТВА
Код типа средства (ISBD) n - непосредственное
200 1# - ЗАГЛАВИЕ И СВЕДЕНИЯ ОБ ОТВЕТСТВЕННОСТИ
Основное заглавие Механизация транспортных процессов в дорожном строительстве
Сведения, относящиеся к заглавию учебное пособие для специальностей 08.05.02 "Строительство, эксплуатация, восстановление и техническое прикрытие автомобильных дорог, мостов и транспортных тоннелей", 23.05.01 "Наземные транспортно-технологические средства" и направлений подготовки 23.03.02 "Наземные транспортно-технологические комплексы", 23.04.02 "Наземные транспортно-технологические комплексы", 08.04.01 "Строительство"
Первые сведения об ответственности А. А. Романович, В. А. Уваров, Т. Н. Орехова [и др.]
Последующие сведения об ответственности Министерство науки и высшего образования Российской Федерации, Белгородский государственный технологический университет имени В. Г. Шухова
203 ## - ВИД СОДЕРЖАНИЯ И ТИП СРЕДСТВА
Вид содержания Текст
Дополнительные сведения об издании визуальный
Тип средства непосредственный
210 ## - ПУБЛИКАЦИЯ, РАСПРОСТРАНЕНИЕ И ДР.
Место издания, распространения и т.д. Белгород
Имя издателя, распространителя и т. д. БГТУ
Дата издания, распространения и т.д. 2023
215 ## - ФИЗИЧЕСКАЯ ХАРАКТЕРИСТИКА
Специфическое обозначение материала и объем 133 с.
Другие сведения о физической характеристике ил.
Размеры 21
300 ## - ОБЩИЕ ПРИМЕЧАНИЯ
Текст примечания Авт. указаны на обороте тит. с.
320 ## - ПРИМЕЧАНИЯ О НАЛИЧИИ В ДОКУМЕНТЕ БИБЛИОГРАФИИ / УКАЗАТЕЛЯ
Текст примечания Библиогр.: с. 133 (15 назв.)
330 ## - РЕЗЮМЕ ИЛИ РЕФЕРАТ
Текст примечания В учебном пособии рассматриваются основные понятия механизации транспортных процессов в дорожном строительстве с целью раскрыть роль и значение подъемно-транспортных машин в современных производственных условиях, дать студентам необходимые знания по их классификации, техническим характеристикам, конструкциям, основам расчета, проектирования и эксплуатации
606 ## - НАИМЕНОВАНИЕ ТЕМЫ КАК ПРЕДМЕТ
Наименование темы Дорожные машины
Формальный подзаголовок Учебные издания для высших учебных заведений
Системный номер авторитетной/нормативной записи 1046082
Идентификатор авторитетной/нормативной записи RU\NLR\AUTH\6685559
606 1# - НАИМЕНОВАНИЕ ТЕМЫ КАК ПРЕДМЕТ
Наименование темы Подъемно-транспортные машины
Формальный подзаголовок Учебные издания для высших учебных заведений
Системный номер авторитетной/нормативной записи 2146686
Идентификатор авторитетной/нормативной записи RU\NLR\AUTH\661293243
686 1# - ИНДЕКСЫ ДРУГИХ КЛАССИФИКАЦИЙ
Индекс О311-06-5я73-1
686 1# - ИНДЕКСЫ ДРУГИХ КЛАССИФИКАЦИЙ
Индекс О91я73-1
701 #1 - ИМЯ ЛИЦА - АЛЬТЕРНАТИВНАЯ ОТВЕТСТВЕННОСТЬ
Графика поля Кириллица
Материалы, к которым относится поле rus
Начальный элемент ввода Романович
Часть имени, кроме начального элемента ввода А. А.
Дополнения к именам, кроме дат д-р техн. наук
Расширение инициалов личного имени Алексей Алексеевич
Системный номер авторитетной/нормативной записи 191800
Идентификатор авторитетной/нормативной записи RU\NLR\AUTH\770191851
701 #1 - ИМЯ ЛИЦА - АЛЬТЕРНАТИВНАЯ ОТВЕТСТВЕННОСТЬ
Графика поля Кириллица
Материалы, к которым относится поле rus
Начальный элемент ввода Уваров
Часть имени, кроме начального элемента ввода В. А.
Расширение инициалов личного имени Валерий Анатольевич
Системный номер авторитетной/нормативной записи 249126
Идентификатор авторитетной/нормативной записи RU\NLR\AUTH\770249182
701 #1 - ИМЯ ЛИЦА - АЛЬТЕРНАТИВНАЯ ОТВЕТСТВЕННОСТЬ
Начальный элемент ввода Орехова
Часть имени, кроме начального элемента ввода Т.Н.
Расширение инициалов личного имени Татьяна Николаевна
712 02 - НАИМЕНОВАНИЕ ОРГАНИЗАЦИИ - ВТОРИЧНАЯ ОТВЕТСТВЕННОСТЬ
Код отношения Издающая организация
Начальный элемент ввода Белгородский государственный технологический университет им. В. Г. Шухова
Системный номер авторитетной/нормативной записи 596079
Идентификатор авторитетной/нормативной записи RU\NLR\AUTH\8810048015
942 ## - ДОПОЛНИТЕЛЬНЫЕ ЭЛЕМЕНТЫ ЗАПИСИ (АБИС)
Тип экземпляра АБИС Книга
980 ## - КОЛЛЕКЦИЯ
Название коллекции Национальная библиография

Нет доступных экземпляров.